• 首页
  • 本馆介绍
  • 公告通知
  • 最新文献
  • 馆藏检索
  • 电子资源
  • 读者导购
  • 参考咨询
  • 我的图书馆
  • 登录
  • 详细信息显示
  • 放入我的书架
  • 预约/预借图书
  • 作者相关作品
  • 分类相关作品
  • 丛书相关作品
  • 出版社相关作品

书目信息

  • 表格格式
  • 工作单格式
  • 卡片格式
题名:
政治经济学
    
 
作者: 张维达 主编
分册:  
出版信息: 北京   高等教育出版社  2000
页数: 338页
开本: 22cm
丛书名:
单 册:
中图分类: F0
科图分类:
主题词: 政治经济学
电子资源:
ISBN: 7-04-007095-2
000 00570nam0 2200205 450
001 0653429687
005 20060929145146.68
010    @a7-04-007095-2@dCNY25.60
100    @a20060929d2000 km y0chiy0120 ea
101 0  @achi
102    @aCN@b110000
200 1  @a政治经济学@Azheng zhi jing ji xue@f张维达主编@Fzhang wei da zhu bian
210    @a北京@c高等教育出版社@d2000
215    @a338页@d22cm
300    @a面向21世纪课程教材
606 0  @a政治经济学
690    @aF0@v3
701  0 @a张维达@Azhang wei da@4主编
801  0 @aCN@bNISOFT@c20060929
905    @a10447@dF0@e233
    
    政治经济学/张维达主编.-北京:高等教育出版社,2000
    338页;22cm
    面向21世纪课程教材
    
    ISBN 7-04-007095-2:CNY25.60
    
●
相关链接 在E读中查询图书 在五车中查询图书 在当当中查询图书 在豆瓣中查询图书


正题名:政治经济学     索取号:F0/233         预约/预借

序号 登录号 条形码 馆藏地/架位号 状态 备注
1 0493818   204938185   密集书库/ [索取号:F0/233] 在馆    
唐山师范学院图书馆 欢迎您!
大连网信软件有限公司© 版权所有